00997cam a22002894a 450000100090000000300040000900500170001300800410003001000170007102000390008804000180012704200080014504300120015308200150016524500690018026000680024930000270031744000540034450400510039865000320044965100430048170000170052490600450054194200120058699900150059895200940061313560040OSt20230703153335.0040415s2004 enk b 001 0 eng  a 2004048446 a0754636402 (hardback : alk. paper) aDLCcDLCdDLC apcc af------00a342.6bAKI00aConstitutionalism and society in Africa /cedited by Okon Akiba. aAldershot, Hants, England ;aBurlington, VT :bAshgate,cc2004. axiii, 172 p. ;c25 cm. 0aContemporary perspectives on developing societies aIncludes bibliographical references and index. 0aConstitutional lawzAfrica. 0aAfricaxPolitics and governmenty1960-1 aAkiba, Okon. a7bcbccorignewd1eocipf20gy-gencatlg 2ddccBK c3442d3442 00102ddc4070a002b002d2023-07-03l0o342.6 AKIp10000063r2023-07-03w2023-07-03yBK